000 00812nab a2200241 u 4500
001 13472
003 HDC
007 cr bn ---aaaaa
008 210213c xx dr|noo 0 a eng d
040 _aHDC
245 0 _aOver 5000 products, services on show at Taiwan Expo 2017
260 _a[No place] :
_b[publisher not identified],
_c[no date]
336 _atext
_2rdacontent
337 _acomputer
_2rdamedia
338 _aonline resource
_2rdacarrier
650 _aEntrepreneurship
_9209
650 _aFood industry and trade
_zMalaysia
_9172
710 _a365 news
856 _zRequest full-text at [email protected]
942 _2lcc
942 _cNEWS
942 _kNWSO 001764
999 _c10788
_d10788